000 00398nam a22001937a 4500
003 UA-OsUOA
001 2477
007 ta
008 20050721b un ||||| |||| 00| 0 ukr d
100 _aGault
700 _aH.
700 _aMillau
700 _aC.
942 _cBK
040 _aUA-OsUOA
_cUA-OsUOA
_dUA-OsUOA
245 _aThe best of London.
_bCountry Studies
955 _a2
650 7 _2UDC
999 _c288639
_d288639